000 00308nam a2200121Ia 4500
008 240731s9999 xx 000 0 und d
022 _a2326-5507
245 0 _aOpen Review of Educational Research
260 _bRoutledge
856 _uhttps://www.tandfonline.com/loi/rrer20
942 _2ddc
942 _cTFEJ
999 _c78807
_d78807
945 _a1
_bMadushi Gamage
_c1
_dMadushi Gamage